000
00243nam a2200097Ia 4500
008
230915s9999 xx 000 0 und d
050
_a
LB1051.S66 2009
100
_a
SNOWMAN, JACK,
245
0
_a
PSYCHOLOGY APPLIED TO TEACHING
942
_c
BK
999
_c
167715
_d
167715